الإحصائيات لـ أكبر خمسون دولة في المساحة

أنقر هنا لكي تخضع للإختبار!

الإحصائيات العامة

  • هذا الإختبار تم الخضوع له 648 مره
  • الدرجة المتوسطة هي 25 من 50

إحصائيات الإجابة

القارةالمساحة في كم مربعالإجابةالمركز% صحيح
آسيا17,098,246روسيا1
97%
آسيا9,596,960الصين4
96%
أفريقيا2,381,741الجزائر10
95%
أمريكا الشمالية9,826,675الولايات المتحدة الأمريكية3
94%
أمريكا الجنوبية8,514,877البرازيل5
93%
أمريكا الشمالية9,984,670كندا2
93%
آسيا3,287,263الهند7
90%
آسيا2,149,690السعودية12
89%
أوقيانيا7,741,220أستراليا6
87%
أفريقيا1,001,450مصر29
84%
أمريكا الجنوبية2,780,400الأرجنتين8
82%
أفريقيا1,861,484السودان15
81%
أوروبا643,801فرنسا42
74%
أفريقيا1,759,540ليبيا16
74%
أمريكا الشمالية1,964,375المكسيك13
70%
أفريقيا1,219,090جنوب أفريقيا24
66%
آسيا783,562تركيا36
63%
آسيا881,912باكستان33
63%
آسيا1,648,195إيران17
60%
أفريقيا1,240,192مالي23
59%
أفريقيا923,768نيجيريا31
54%
أفريقيا1,030,700موريتانيا28
48%
أوروبا603,550أوكرانيا45
47%
أفريقيا1,267,000النيجر21
45%
آسيا2,724,900كازاخستان9
44%
أمريكا الجنوبية1,138,910كولومبيا25
43%
آسيا1,564,116منغوليا18
43%
آسيا1,904,569إندونيسيا14
43%
أفريقيا1,284,000تشاد20
42%
أفريقيا2,344,858الكونغو الديموقراطية11
42%
آسيا652,230أفغانستان40
42%
أفريقيا1,104,300إثيوبيا26
37%
أمريكا الجنوبية756,102تشيلي37
35%
أفريقيا637,657الصومال43
34%
أمريكا الجنوبية1,285,216بيرو19
31%
آسيا527,968اليمن49
31%
أفريقيا1,246,700أنجولا22
30%
أمريكا الجنوبية1,098,581بوليفيا27
27%
أفريقيا587,041مدغشقر46
26%
أفريقيا580,367كينيا48
25%
أفريقيا644,329جنوب السودان41
23%
أفريقيا947,300تنزانيا30
21%
أفريقيا825,615ناميبيا34
20%
أفريقيا752,618زامبيا38
19%
آسيا513,120تايلاند50
18%
أفريقيا622,984جمهورية أفريقيا الوسطى44
16%
أفريقيا801,590موزمبيق35
16%
أفريقيا581,730بوتسوانا47
14%
أمريكا الجنوبية912,050فينيزويلا32
8%
آسيا676,578ميانمار39
7%

توزيع النقاط

النسبة وفقا للأرقام

نسبة الأشخاص لكل درجة

سجل النقاط الخاصة بك

لم تضخع لهذا الإختبار